| 000 | 01711nam a2200457 i 4500 | ||
|---|---|---|---|
| 003 | DO-SdBNP | ||
| 005 | 20260303090148.0 | ||
| 007 | ta | ||
| 008 | 110413s2012 dr o 000 0 spa d | ||
| 020 | _a9789945883527 | ||
| 040 |
_aDO-SdBNP _bspa _cBNPHU _erda |
||
| 082 | _222 | ||
| 111 |
_a(Jornada conmemorativa, la vigencia de Juan Bosch: ¨Democracia verdadera¨ y cambio social en la mirada latinoamericana _cCasa Manresa Altagracia _d2011, 3 noviembre) _984145 |
||
| 245 | 1 | 0 |
_aDebate : _bla izquierda, las elecciones y el poder en América Latina / _cAtilio Borón, Héctor Díaz Polanco, Luis Bocaz, Jorge Núñez, Hiber Conteris y otros |
| 264 | 1 |
_aSanto Domingo : _bFundación Juan Bosch, _c2012. |
|
| 300 |
_a83 páginas _c21 cm. _bfotografías |
||
| 336 |
_2rdacontent _atexto _btxt |
||
| 337 |
_2rdamedia _asin mediación _bn |
||
| 338 |
_2rdacarrier _avolumen _bnc |
||
| 490 |
_aBosch vive _v1 |
||
| 500 | _aIncluye notas a pie de páginas. | ||
| 590 | _aInventariado, 2023/ YL | ||
| 700 | 1 |
_aBorón, Atilio _984146 |
|
| 700 | 1 |
_aDíaz Polanco, Héctor, _d1944- _92421 |
|
| 700 | 1 |
_aBocaz, Luis _937761 |
|
| 700 | 1 |
_aNúñez, Jorge _982324 |
|
| 700 | 1 |
_aConteris, Hiber _922763 |
|
| 700 | 1 |
_aCastañeda, Nora _984148 |
|
| 700 | 1 |
_aSotolongo, Pedro _984149 |
|
| 700 | 1 |
_aRoque, Natalie _984150 |
|
| 700 | 1 |
_aAcosta Matos, Eliades, _d1959- _974479 |
|
| 700 | 1 |
_aJulián, Rafael _9481 |
|
| 700 | 1 |
_aOviedo Landestoy, José _984151 |
|
| 700 | 1 |
_aGalván, Hecmilio _933565 |
|
| 700 | 1 |
_aNuñez Polanco, Diómedes _d1952- _983559 |
|
| 700 | 1 |
_aMartínez, Ángel _984152 |
|
| 700 | 1 |
_aAcosta, Julín _984153 |
|
| 700 | 1 |
_aBosch, Matías _972665 |
|
| 910 | _aYLockward | ||
| 942 |
_2ddc _cLBS1 |
||
| 999 |
_c54786 _d54786 |
||